European Big Five: 100+ goals/assists (2000-) - Statistics

General Stats
  • This quiz has been taken 26 times
  • The average score is 176 of 317
Answer Stats
Ranking Player Positions Nationality Matches Goals (assists) Periods Clubs % Correct
2 Cristiano Ronaldo MF, FW 626 495 (135) 2003-2023
100%
12 Edinson Cavani MF, FW 479 267 (46) 2006-2023
100%
204 Ronaldo FW 157 99 (22) 2001-2008
100%
18 Antoine Griezmann MF, FW 530 198 (84) 2010-2025
95%
7 Harry Kane FW 383 275 (61) 2012-2025
95%
5 Karim Benzema FW 551 281 (119) 2004-2023
95%
17 Kylian Mbappé MF, FW 280 222 (67) 2015-2025
95%
1 Lionel Messi MF, FW 577 496 (221) 2004-2023
95%
6 Luis Suárez FW 368 247 (96) 2010-2022
95%
9 Mohamed Salah MF, FW 382 221 (107) 2013-2025
95%
14 Pierre-Emerick Aubameyang MF, FW 459 236 (63) 2009-2024
95%
3 Robert Lewandowski FW 487 381 (73) 2010-2025
95%
21 Romelu Lukaku FW 443 205 (67) 2011-2025
95%
23 Samuel Eto'o FW 384 202 (60) 2000-2010, 2013-2015
95%
8 Sergio Agüero FW 454 260 (72) 2006-2022
95%
19 Thierry Henry FW 307 193 (81) 2000-2009, 2011-2012
95%
10 Thomas Müller MF, FW 503 150 (174) 2008-2025
95%
13 Wayne Rooney MF, FW 491 208 (102) 2002-2018
95%
4 Zlatan Ibrahimović FW 467 302 (107) 2004-2017, 2019-2023
95%
16 Edin Džeko FW 509 223 (71) 2007-2023
90%
11 Francesco Totti MF, FW 446 207 (115) 2000-2017
90%
22 Alexandre Lacazette FW 455 215 (55) 2009-2025
86%
36 Alexis Sánchez MF, FW 487 154 (87) 2008-2025
86%
311 Andrés Iniesta MF 442 35 (65) 2002-2018
86%
56 Arjen Robben MF, FW 318 125 (75) 2004-2019
86%
142 Christian Eriksen MF, FW 353 59 (80) 2013-2025
86%
26 Ciro Immobile FW 385 206 (47) 2008-2009, 2012-2024
86%
49 Didier Drogba FW 334 143 (66) 2001-2011, 2014-2015
86%
75 Erling Haaland FW 164 147 (32) 2019-2025
86%
58 Gareth Bale MF, FW 342 134 (62) 2007-2022
86%
15 Gonzalo Higuaín MF, FW 428 237 (61) 2006-2020
86%
184 Iñaki Williams MF, FW 377 82 (46) 2014-2025
86%
29 Kevin De Bruyne MF, FW 373 95 (153) 2012-2025
86%
28 Marco Reus MF, FW 391 156 (95) 2009-2024
86%
45 Olivier Giroud FW 425 162 (57) 2010-2024
86%
172 Serge Gnabry DF, MF, FW 252 92 (39) 2012-2013, 2015-2025
86%
126 Toni Kroos MF 479 45 (103) 2007-2024
86%
307 Alexander Isak FW 196 87 (14) 2017-2018, 2019-2025
81%
137 Andriy Shevchenko FW 241 112 (31) 2000-2010
81%
189 Bernardo Silva MF, FW 367 67 (58) 2014-2025
81%
38 Cesc Fàbregas MF, FW 500 81 (150) 2004-2022
81%
136 Dani Alves DF, MF 502 30 (113) 2002-2018, 2021-2022
81%
43 David Silva MF, FW 536 91 (131) 2005-2023
81%
48 Eden Hazard MF, FW 446 125 (92) 2007-2023
81%
42 Franck Ribéry MF, FW 427 103 (125) 2004-2023
81%
25 Frank Lampard MF 491 160 (94) 2000-2015
81%
146 Ivan Perišić DF, MF, FW 381 81 (57) 2011-2024
81%
214 James Rodríguez MF, FW 191 58 (59) 2013-2020, 2024-2025
81%
127 Leroy Sané MF, FW 290 76 (72) 2013-2025
81%
199 Luka Modrić MF 521 43 (78) 2008-2025
81%
165 Mario Mandžukić MF, FW 266 96 (37) 2010-2018, 2020-2021
81%
287 Maxi Rodríguez MF, FW 282 72 (31) 2002-2012
81%
30 Miroslav Klose FW 443 175 (73) 2000-2016
81%
37 Neymar MF, FW 235 150 (83) 2013-2023
81%
177 Ousmane Dembélé MF, FW 240 66 (64) 2015-2025
81%
211 Paul Pogba MF, FW 289 57 (61) 2011-2024
81%
57 Robin van Persie FW 280 144 (53) 2004-2015
81%
67 Ruud van Nistelrooy FW 282 157 (28) 2001-2012
81%
101 Xavi MF 464 57 (105) 2000-2015
81%
175 Andrea Pirlo MF 418 48 (82) 2000-2015
76%
44 Ángel Di María MF, FW 374 85 (136) 2010-2023
76%
163 Arturo Vidal MF 437 77 (56) 2007-2022
76%
239 David Beckham MF 245 41 (69) 2000-2006, 2008-2009, 2012-2013
76%
35 Dimitar Berbatov FW 421 176 (67) 2000-2015
76%
31 Dimitri Payet MF, FW 540 114 (133) 2005-2023
76%
34 Fernando Torres FW 503 189 (55) 2002-2018
76%
108 Ivan Rakitić MF 535 73 (85) 2007-2024
76%
64 Jamie Vardy FW 342 145 (47) 2014-2022, 2024-2025
76%
223 Kai Havertz MF, FW 269 77 (38) 2016-2025
76%
85 Kaká MF, FW 308 100 (71) 2003-2014
76%
209 Klaas-Jan Huntelaar FW 229 99 (21) 2008-2016, 2020-2021
76%
198 Koke MF 485 38 (83) 2009-2025
76%
140 Lautaro Martínez MF, FW 236 115 (26) 2018-2025
76%
171 Marcus Rashford MF, FW 297 89 (42) 2015-2025
76%
166 Mario Balotelli FW 293 114 (19) 2007-2019, 2024-2025
76%
52 Mario Gómez FW 357 177 (31) 2003-2014, 2016-2019
76%
147 Marko Arnautović MF, FW 357 90 (48) 2009-2018, 2021-2025
76%
161 Michael Ballack MF 303 87 (48) 2000-2012
76%
131 Papu Gómez MF, FW 383 75 (71) 2010-2012, 2014-2024
76%
63 Paulo Dybala MF, FW 348 129 (65) 2012-2013, 2014-2025
76%
65 Raheem Sterling MF, FW 396 123 (66) 2011-2025
76%
104 Sadio Mané MF, FW 288 118 (43) 2014-2023
76%
50 Steven Gerrard MF 463 119 (89) 2000-2015
76%
81 Álvaro Morata FW 373 127 (46) 2010-2025
71%
20 Antonio Di Natale FW 444 209 (64) 2002-2016
71%
138 Bruno Fernandes MF, FW 314 77 (64) 2013-2016, 2019-2025
71%
33 Claudio Pizarro FW 486 189 (58) 2000-2020
71%
40 David Villa MF, FW 352 185 (46) 2003-2014
71%
87 Diego Costa FW 317 125 (45) 2009-2020, 2022-2023
71%
79 Dries Mertens MF, FW 294 113 (60) 2013-2022
71%
115 Hakan Çalhanoğlu MF, FW 373 78 (77) 2013-2025
71%
41 Iago Aspas MF, FW 401 165 (65) 2012-2025
71%
264 Javier Hernández FW 244 89 (18) 2010-2020
71%
299 Jonathan David FW 178 87 (15) 2020-2025
71%
200 Luís Figo MF, FW 269 45 (76) 2000-2009
71%
76 Marek Hamšík MF 409 100 (78) 2004-2005, 2007-2019
71%
77 Mauro Icardi FW 283 144 (32) 2012-2022
71%
60 Mesut Özil MF, FW 390 65 (130) 2006-2020
71%
73 Pedro MF, FW 499 116 (63) 2007-2025
71%
122 Radamel Falcao FW 283 131 (19) 2011-2018, 2021-2024
71%
51 Raúl FW 400 157 (51) 2000-2012
71%
135 Riyad Mahrez MF, FW 284 82 (62) 2014-2023
71%
62 Roberto Firmino MF, FW 396 120 (74) 2010-2023
71%
312 Rodrigo De Paul MF, FW 345 45 (55) 2014-2025
71%
113 Ryan Giggs MF, FW 382 55 (101) 2000-2014
71%
263 Sergio Ramos DF 581 81 (26) 2003-2024
71%
32 Son Heung-min MF, FW 468 168 (79) 2010-2025
71%
91 Timo Werner MF, FW 344 114 (54) 2013-2025
71%
240 Yaya Touré MF 331 68 (42) 2006-2018
71%
261 Anthony Martial MF, FW 270 74 (33) 2012-2024
67%
302 Christopher Nkunku MF, FW 212 61 (40) 2015-2025
67%
74 Diego Forlán MF, FW 311 139 (40) 2001-2012
67%
94 Emmanuel Adebayor FW 344 122 (45) 2001-2002, 2003-2016
67%
254 Filip Kostić DF, FW 315 38 (70) 2014-2024
67%
218 Gabriel Jesus FW 229 76 (40) 2016-2025
67%
230 İlkay Gündoğan MF 409 66 (47) 2009-2025
67%
170 Isco MF, FW 382 68 (63) 2010-2025
67%
244 Jadon Sancho MF, FW 207 52 (57) 2017-2025
67%
133 James Milner DF, MF 638 55 (89) 2002-2025
67%
158 Jesús Navas DF, FW 640 30 (105) 2003-2025
67%
310 Joshua Kimmich DF, MF 295 29 (71) 2015-2025
67%
134 Julian Brandt MF, FW 354 70 (74) 2013-2025
67%
288 Marcus Thuram MF, FW 241 73 (30) 2017-2025
67%
201 Mario Götze MF, FW 317 66 (55) 2009-2019, 2022-2025
67%
164 Memphis MF, FW 233 87 (46) 2015-2024
67%
174 Michael Owen FW 267 115 (16) 2000-2013
67%
150 Miralem Pjanić MF 422 56 (81) 2007-2021
67%
250 Ollie Watkins FW 184 75 (34) 2020-2025
67%
308 Patrik Schick MF, FW 221 90 (11) 2016-2025
67%
260 Pavel Nedvěd MF 245 47 (60) 2000-2005, 2007-2009
67%
255 Rafael Leão MF, FW 222 63 (45) 2018-2025
67%
159 Rafael van der Vaart MF 280 79 (56) 2005-2016
67%
71 Ronaldinho MF, FW 276 107 (74) 2001-2011
67%
111 Salomon Kalou MF, FW 374 114 (43) 2006-2020
67%
24 Wissam Ben Yedder MF, FW 411 199 (59) 2010-2024
67%
298 Alan Shearer FW 188 84 (18) 2000-2006
62%
123 Alassane Pléa MF, FW 328 94 (55) 2012-2025
62%
68 Alessandro Del Piero MF, FW 313 128 (56) 2000-2005, 2007-2012
62%
69 Andrej Kramarić MF, FW 301 128 (56) 2014-2025
62%
247 Ángel Correa MF, FW 335 68 (41) 2015-2025
62%
149 Ashley Young DF, FW 529 55 (82) 2006-2025
62%
80 Carlos Tevez MF, FW 268 123 (50) 2006-2015
62%
317 Chris Wood FW 263 89 (11) 2008-2009, 2010-2011, 2014-2015, 2017-2025
62%
289 Filippo Inzaghi FW 229 83 (20) 2000-2012
62%
160 Gervinho MF, FW 331 85 (50) 2007-2015, 2018-2021
62%
179 Gylfi Sigurðsson MF, FW 354 76 (53) 2010-2021
62%
169 Hernán Crespo FW 273 112 (20) 2000-2012
62%
59 Jermain Defoe FW 496 163 (33) 2000-2019
62%
248 Jordan Ayew MF, FW 464 73 (36) 2009-2025
62%
197 Joselu FW 346 100 (22) 2010-2011, 2012-2024
62%
96 Juan Mata MF, FW 407 85 (81) 2007-2022
62%
46 Kévin Gameiro FW 542 175 (44) 2005-2006, 2007-2024
62%
82 Lorenzo Insigne MF, FW 337 96 (76) 2009-2010, 2012-2022
62%
27 Luca Toni FW 404 195 (57) 2000-2002, 2004-2010, 2012-2016
62%
162 Lukas Podolski MF, FW 287 90 (45) 2003-2004, 2005-2015
62%
181 Mikel Oyarzabal MF, FW 315 85 (44) 2015-2025
62%
183 Nabil Fekir MF, FW 280 75 (53) 2013-2025
62%
118 Nicolas Anelka FW 340 112 (41) 2000-2004, 2006-2014
62%
303 Paul Scholes MF 339 66 (35) 2000-2013
62%
156 Philippe Coutinho MF, FW 336 80 (56) 2010-2024
62%
271 Robinho MF, FW 250 64 (41) 2005-2014
62%
155 Theo Walcott MF, FW 397 80 (56) 2006-2023
62%
258 Willian José FW 284 82 (26) 2013-2014, 2015-2024
62%
157 Anthony Modeste FW 355 116 (20) 2007-2008, 2010-2016, 2019-2023
57%
274 Bastian Schweinsteiger DF, MF 360 46 (58) 2002-2016
57%
238 Callum Wilson FW 239 88 (23) 2015-2025
57%
205 Darren Bent FW 276 106 (15) 2001-2002, 2005-2015
57%
112 David Trezeguet FW 245 135 (22) 2000-2005, 2007-2011
57%
88 Diego Milito FW 267 139 (31) 2005-2014
57%
55 Domenico Berardi MF, FW 314 122 (78) 2013-2024
57%
291 Dušan Vlahović FW 202 87 (16) 2018-2025
57%
95 Duván Zapata FW 326 124 (43) 2013-2025
57%
280 Eric Maxim Choupo-Moting MF, FW 353 75 (29) 2007-2008, 2009-2024
57%
102 Fernando Llorente FW 454 133 (29) 2004-2021
57%
121 Goran Pandev MF, FW 492 101 (49) 2003-2013, 2015-2022
57%
130 Henrikh Mkhitaryan MF, FW 353 69 (77) 2013-2025
57%
98 Peter Crouch FW 468 106 (58) 2001-2019
57%
129 Robbie Keane FW 324 114 (33) 2000-2012
57%
72 Roberto Soldado FW 377 136 (44) 2005-2016, 2019-2022
57%
269 Serhou Guirassy FW 210 95 (11) 2015-2025
57%
176 Vincenzo Grifo MF, FW 273 66 (64) 2012-2013, 2016-2025
57%
66 Álvaro Negredo FW 429 145 (43) 2007-2016, 2020-2024
52%
100 Bafétimbi Gomis FW 404 134 (29) 2004-2017
52%
259 Christian Benteke FW 280 86 (22) 2012-2022
52%
167 Cristhian Stuani MF, FW 366 116 (17) 2007-2008, 2010-2014, 2016-2018, 2022-2025
52%
251 Danny Welbeck MF, FW 363 77 (32) 2008-2025
52%
116 Djibril Cissé FW 334 129 (26) 2000-2008, 2011-2015
52%
278 Ezequiel Lavezzi MF, FW 263 60 (44) 2007-2016
52%
39 Fabio Quagliarella FW 555 182 (49) 2001-2002, 2005-2023
52%
124 Florian Thauvin MF, FW 342 99 (50) 2012-2020, 2022-2025
52%
237 Gareth Barry MF 589 50 (61) 2000-2018
52%
276 James Maddison MF, FW 222 56 (48) 2018-2025
52%
70 Joaquín MF, FW 672 81 (101) 2001-2023
52%
285 Juan Cuadrado DF, MF, FW 408 43 (60) 2009-2025
52%
78 Kevin Volland MF, FW 363 108 (67) 2012-2025
52%
304 Michail Antonio MF, FW 268 68 (33) 2015-2025
52%
86 Roy Makaay FW 226 135 (36) 2000-2007
52%
231 Samir Nasri MF, FW 364 49 (63) 2004-2016, 2018-2019
52%
90 Santi Cazorla MF 452 78 (91) 2003-2016, 2018-2020
52%
61 Stefan Kießling MF, FW 403 144 (51) 2002-2003, 2004-2018
52%
234 Stevan Jovetić MF, FW 294 83 (29) 2008-2009, 2011-2023
52%
128 Andrea Belotti FW 348 114 (34) 2014-2025
48%
315 André Schürrle MF, FW 275 67 (33) 2009-2019
48%
216 Christian Vieri FW 181 104 (13) 2000-2009
48%
114 Daniel Parejo MF 526 77 (79) 2008-2025
48%
180 Florent Malouda MF, FW 407 78 (51) 2000-2011, 2014-2015
48%
107 Gerard Moreno MF, FW 321 121 (38) 2014-2025
48%
168 Jimmy Floyd Hasselbaink FW 219 93 (39) 2000-2007
48%
117 José Callejón MF, FW 482 83 (70) 2008-2021, 2023-2024
48%
192 Loïc Rémy FW 312 107 (18) 2006-2020
48%
217 Luis García MF, FW 329 73 (43) 2003-2012
48%
226 Pablo Sarabia MF, FW 362 56 (58) 2011-2025
48%
103 Pauleta FW 264 141 (21) 2000-2008
48%
106 Raúl García MF, FW 609 111 (48) 2004-2024
48%
182 Robert Pirès MF, FW 302 75 (53) 2000-2011
48%
120 Rodrigo Palacio MF, FW 357 93 (58) 2009-2021
48%
151 Sergio García MF, FW 360 75 (62) 2003-2008, 2010-2014, 2017-2019
48%
47 Alberto Gilardino FW 497 185 (34) 2000-2017
43%
84 Antonio Candreva DF, MF, FW 502 85 (86) 2007-2008, 2009-2024
43%
54 Antonio Cassano FW 396 112 (91) 2000-2016
43%
53 Aritz Aduriz FW 443 158 (46) 2002-2003, 2005-2020
43%
213 Carlos Bacca FW 269 93 (25) 2013-2022
43%
275 Felipe Anderson MF, FW 314 55 (49) 2013-2024
43%
203 Giuseppe Rossi FW 248 91 (30) 2005-2013, 2015-2018
43%
279 Jérémy Ménez MF, FW 342 63 (41) 2004-2017
43%
154 Juninho Pernambucano MF 248 74 (62) 2001-2009
43%
188 Luis Alberto MF, FW 301 55 (70) 2010-2011, 2013-2024
43%
109 Luis Muriel MF, FW 363 111 (46) 2011-2024
43%
152 Mirko Vučinić FW 306 96 (41) 2000-2001, 2003-2014
43%
273 Paco Alcácer FW 245 77 (28) 2011-2022
43%
283 Roque Santa Cruz FW 336 80 (24) 2000-2016
43%
294 Sergej Milinković-Savić MF 267 57 (45) 2015-2023
43%
227 Wahbi Khazri MF, FW 354 78 (36) 2012-2025
43%
92 Adrian Mutu MF, FW 325 119 (49) 2000-2014
38%
267 Adriano DF, FW 274 82 (24) 2001-2011
38%
202 Diego MF 237 66 (55) 2006-2014
38%
97 Vedad Ibišević FW 349 127 (39) 2004-2005, 2006-2007, 2008-2021
38%
297 Alexander Frei FW 174 82 (20) 2002-2009
33%
193 André-Pierre Gignac MF, FW 290 103 (21) 2006-2015
33%
215 Andy Delort FW 268 85 (32) 2011-2012, 2015-2022, 2024-2025
33%
222 Carlos Vela MF, FW 289 74 (41) 2007-2018
33%
249 Emile Heskey FW 380 74 (35) 2000-2012
33%
256 Gabriel Agbonlahor MF, FW 322 74 (34) 2005-2016
33%
277 James Ward-Prowse DF, MF 404 57 (47) 2012-2025
33%
301 Javier Pastore MF, FW 299 46 (55) 2009-2023
33%
265 Jonas Hofmann MF, FW 275 53 (53) 2012-2025
33%
119 Josip Iličić MF, FW 339 96 (56) 2010-2022
33%
139 Lars Stindl MF, FW 376 85 (56) 2007-2008, 2010-2023
33%
305 Marouane Chamakh FW 331 71 (30) 2002-2016
33%
93 Max Kruse MF, FW 307 97 (70) 2007-2008, 2010-2011, 2012-2018, 2020-2023
33%
185 Raffael MF, FW 290 83 (45) 2007-2009, 2011-2020
33%
266 Stephan El Shaarawy DF, MF, FW 340 72 (34) 2008-2009, 2011-2018, 2020-2025
33%
270 Borja Valero MF 436 35 (70) 2007-2021
29%
233 Craig Bellamy FW 294 81 (31) 2000-2009, 2011-2012, 2013-2014
29%
187 Gaëtan Laborde MF, FW 297 88 (39) 2015-2025
29%
306 Jan Koller FW 202 73 (28) 2001-2008
29%
141 José Antonio Reyes MF 416 64 (76) 2001-2007, 2009-2017
29%
281 Karl Toko Ekambi MF, FW 229 75 (29) 2016-2023
29%
89 Marco Di Vaio FW 344 140 (30) 2000-2012
29%
207 Mark Viduka FW 240 92 (28) 2000-2009
29%
220 Vincenzo Iaquinta FW 268 88 (28) 2000-2012
29%
228 Alessandro Matri FW 346 92 (22) 2002-2003, 2007-2020
24%
243 Amauri FW 334 85 (25) 2000-2001, 2003-2016
24%
195 Cacau FW 306 89 (33) 2001-2014
24%
314 Damien Duff MF, FW 337 49 (51) 2001-2014
24%
99 Frédéric Kanouté FW 345 130 (33) 2000-2012
24%
286 Giacomo Bonaventura MF, FW 380 64 (39) 2007-2009, 2011-2024
24%
153 Giampaolo Pazzini FW 392 116 (21) 2004-2015, 2017-2018, 2019-2020
24%
282 Javier Saviola FW 240 79 (25) 2001-2008, 2012-2013, 2014-2015
24%
83 Jimmy Briand MF, FW 512 105 (67) 2002-2022
24%
257 Julio Ricardo Cruz FW 244 80 (28) 2000-2010
24%
206 Kevin Davies FW 375 72 (48) 2000-2012
24%
290 Louis Saha FW 284 84 (19) 2001-2013
24%
190 Ludovic Giuly MF, FW 342 75 (50) 2000-2010, 2012-2013
24%
178 Mamadou Niang FW 258 101 (29) 2000-2011
24%
236 Martin Petrov MF, FW 291 47 (64) 2001-2013
24%
144 Nenê MF, FW 289 78 (60) 2003-2004, 2005-2012, 2014-2015
24%
132 Sergio Pellissier FW 455 112 (33) 2002-2006, 2008-2019
24%
313 Danny Murphy MF 377 48 (52) 2000-2012
19%
105 Fabrizio Miccoli FW 259 103 (57) 2002-2004, 2007-2013
19%
241 Ivan Klasnić FW 259 76 (34) 2001-2013
19%
110 Kevin Kurányi FW 273 111 (46) 2001-2009, 2015-2016
19%
296 Manolo Gabbiadini MF, FW 329 79 (23) 2009-2010, 2011-2023
19%
221 Marco Borriello FW 337 96 (20) 2002-2018
19%
284 Mattia Destro MF, FW 319 91 (13) 2010-2024
19%
235 Mevlüt Erdinç FW 306 92 (20) 2005-2017
19%
210 Ryad Boudebouz MF, FW 416 52 (66) 2008-2022
19%
309 Zé Roberto DF, MF 277 27 (73) 2000-2005, 2007-2011
19%
208 Alexander Meier MF, FW 276 93 (27) 2001-2002, 2003-2004, 2005-2010, 2012-2018
14%
293 Benjamin Bourigeaud MF, FW 261 54 (48) 2014-2015, 2017-2025
14%
300 Gonzalo Castro DF, MF 420 38 (63) 2004-2018, 2020-2022
14%
219 James Beattie FW 274 86 (30) 2000-2006, 2008-2011
14%
143 Juan Arango MF 338 71 (67) 2004-2014
14%
316 Nihat Kahveci FW 195 75 (25) 2001-2009
14%
295 Oliver Neuville FW 251 64 (38) 2000-2006, 2008-2010
14%
125 Raúl Tamudo FW 340 126 (23) 2000-2013
14%
225 Rubén Castro MF, FW 280 93 (22) 2000-2001, 2004-2007, 2011-2013, 2015-2018
14%
196 Yakubu Aiyegbeni FW 252 96 (26) 2003-2012
14%
212 Aílton Gonçalves FW 178 92 (26) 2000-2005, 2007-2008
10%
262 José Luis Morales MF, FW 312 76 (31) 2014-2015, 2017-2024
10%
253 Nils Petersen MF, FW 295 89 (20) 2008-2009, 2011-2014, 2016-2023
10%
245 Rémy Cabella MF, FW 361 61 (48) 2010-2018, 2021-2025
10%
191 Sergej Barbarez MF, FW 234 76 (49) 2000-2008
10%
229 Steed Malbranque MF 468 47 (66) 2000-2017
10%
186 Cristiano Lucarelli FW 246 100 (28) 2000-2002, 2004-2007, 2009-2012
5%
272 Marama Vahirua MF, FW 307 70 (35) 2000-2011
5%
145 Marcelinho Paraíba MF, FW 224 79 (59) 2000-2008
5%
173 Massimo Maccarone FW 352 97 (34) 2002-2010, 2014-2017
5%
194 Olivier Monterrubio MF 275 60 (62) 2000-2007, 2009-2011
5%
224 Pierre-Alain Frau MF, FW 317 83 (32) 2001-2011, 2013-2014
5%
246 Romain Hamouma MF, FW 347 63 (46) 2010-2023
5%
148 Tommaso Rocchi MF, FW 323 102 (36) 2002-2013
5%
252 Cristiano Doni MF 269 78 (31) 2000-2010
0%
242 David Di Michele FW 306 84 (26) 2001-2008, 2010-2013
0%
232 Francisco Yeste MF 288 51 (61) 2000-2010
0%
268 Walter Pandiani FW 310 90 (16) 2000-2012
0%
292 Xabi Prieto MF 375 53 (49) 2003-2006, 2010-2018
0%
No matching quizzes found
Score Distribution
Percent of People with Each Score
Percentile by Number Answered
Your Score History
You have not taken this quiz